Welcome to the Holygrace Academy Library

Please use search bar below to get started

A CHILD'S FIRST DICTIONARY (Record no. 3684)

MARC details
000 -LEADER
fixed length control field 00271nam a22001217a 4500
082 ## - DEWEY DECIMAL CLASSIFICATION NUMBER
Classification number 030
Item number OBRI/C
100 ## - MAIN ENTRY--AUTHOR NAME
Personal name TERRY O'BRIEN
245 ## - TITLE STATEMENT
Title A CHILD'S FIRST DICTIONARY
260 ## - PUBLICATION, DISTRIBUTION, ETC. (IMPRINT)
Place of publication NEW DELHI
Name of publisher RUPA PUBLICATION
300 ## - PHYSICAL DESCRIPTION
Number of Pages 152
650 ## - SUBJECT ADDED ENTRY--TOPICAL TERM
Topical Term DICTIONARY
Geographic subdivision INDIA
942 ## - ADDED ENTRY ELEMENTS (KOHA)
Koha item type Books
Holdings
Withdrawn status Lost status Collection code Home library Current library Shelving location Date acquired Source of acquisition Full call number Accession Number Koha item type
    Reference Main Library Main Library SHELF-16D -ENGLISH GRAMMAR ,POEMS 27/10/2017 PURCHASE 030 OBRI/C 10121 Books